Notebooks. Volume I /
Guardado en:
| Autor Principal: | |
|---|---|
| Otros Autores: | |
| Formato: | Libro |
| Idioma: | English |
| Publicado: |
Bombay :
Tata Institute of Fundamental Research,
1957.
|
| Etiquetas: |
Agregar Etiqueta
Sin Etiquetas, Sea el primero en etiquetar este registro!
|
| LEADER | 00746nam a22001935a 4500 | ||
|---|---|---|---|
| 001 | MAT.inmabb000724 | ||
| 008 | 031118s1957####ii############001#0#eng#d | ||
| 005 | 20170803163300.0 | ||
| 245 | 1 | 0 | |a Notebooks. |n Volume I / |c Srinivasa Ramanujan ; [compiled and published by K. Chandrasekharan]. |
| 260 | |a Bombay : |b Tata Institute of Fundamental Research, |c 1957. | ||
| 300 | |a 351 p. | ||
| 500 | |a Facsimile edition of the manuscripts of [S. Ramanujan]. | ||
| 505 | 0 | |a Notebook 1. | |
| 510 | 4 | |a MR, |c 20 #6340 | |
| 100 | 1 | |a Ramanujan Aiyangar, Srinivasa, |d 1887-1920. | |
| 700 | 1 | |a Chandrasekharan, K. |q (Komaravolu), |d 1920- | |
| 084 | |a 01-XX |a 11-XX | ||
| 859 | |h 01 |i R165 |p A-525 |v 1 |3 Vol. I |b BIB. MATEMATICA | ||
| 859 | |h 01 |i R165 |p A-907 |t Ej. 2 |v 1 |3 Vol. I |b BIB. MATEMATICA | ||
